00374nam a2200109Ia 4500008004100000100002100041245006300062260004600125300001100171650001300182856006900195160712s9999 xx 000 0 und d aPaz, Consuelo j. cConsuelo J. PazaAng Unibersal na Nukleyus at ang Filipino c2015bDaluyan: Journal ng Wikang Filipino a no. 1 xFILIPINO uhttp://journals.upd.edu.ph/index.php/djwf/issue/view/529/showToc